000 00661nam a22002177a 4500
003 OSt
005 20230707050053.0
008 230706b |||||||| |||| 00| 0 eng d
020 _a9781408711057
040 _cNIRUC
_dNIRUC
050 _aQ180.55.M4
_b. D39 2019
100 _aDawson, Catherine.
_eauthor.
245 _aIntroduction to research methods :
_ba practical guide for anyone undertaking research project /
_cDR Catherine Dawson.
250 _a5th ed.
260 _aLondon ;
_bRobinson,
_c2019.
300 _axii, 146p, :
_c23 cm.
650 _2Research--Methodology
650 _2Psychometrics
650 _2Research--Evaluation
942 _2lcc
_cBK
_n0
999 _c493
_d493